000 00865cam a2200277 4500
001 26683
003 BD-RjUL
005 20211209051043.0
008 140323s1970 enk r 001 0 eng
020 _a0091019400
035 _a(BD-RjUL)26753
040 _aDLC
_cDLC
_dDLC
_beng
041 _aeng
082 0 0 _a068.171241
_bPRO 1970
245 0 0 _aProfessional organisations in the Commonwealth /
_cedited by Sir James Currie.
260 _aLondon :
_bPublished for The Commonwealth Foundation by Hutchinson,
_c1970.
300 _a511 p. ;
_c24 cm.
350 _a90/-
504 _aIncludes index
650 0 _aProfessional associations
_zCommonwealth countries
_vDirectories.
_981999
700 1 _aCurrie, James,
_cSir,
_d1907-
_eed.
_982000
710 2 _aCommonwealth Foundation.
_982001
942 _2ddc
_cBK
999 _c26683
_d26683